| Tag |
First Indicator |
Second Indicator |
Subfields |
| LEADER |
00000cam a2200000 a 4500 |
| 001 |
in00000596643 |
| 005 |
20151014091317.0 |
| 008 |
810216s1980 nyu b s00010 eng d |
| 035 |
|
|
|a (OCoLC)07128726
|
| 035 |
|
|
|9 ACQ7900AM
|
| 040 |
|
|
|a CBT
|c CBT
|d TXA
|d UtOrBLW
|
| 043 |
|
|
|a n-us-ny
|
| 049 |
1 |
|
|a TXA2
|
| 090 |
|
|
|a HE1
|b .P7 no. 182
|
| 100 |
1 |
|
|a Ugolik, Wayne R.
|
| 245 |
1 |
0 |
|a Estimating VMT :
|b an application of the rank-size-rule /
|c Wayne R. Ugolik.
|
| 264 |
|
1 |
|a Albany, N.Y. :
|b Planning Research Unit, Planning Division, New York State Dept. of Transportation,
|c 1980.
|
| 300 |
|
|
|a 19 pages ;
|c 28 cm.
|
| 336 |
|
|
|a text
|b txt
|2 rdacontent
|
| 337 |
|
|
|a unmediated
|b n
|2 rdamedia
|
| 338 |
|
|
|a volume
|b nc
|2 rdacarrier
|
| 490 |
1 |
|
|a Preliminary research report / Planning Research Unit, New York State Department of Transportation ;
|v 182
|
| 500 |
|
|
|a Cover title.
|
| 500 |
|
|
|a August 1980.
|
| 504 |
|
|
|a Includes bibliographical references.
|
| 650 |
|
0 |
|a Traffic estimation
|z New York (State)
|
| 650 |
|
0 |
|a Automobile driving
|z New York (State)
|x Mathematical models.
|
| 710 |
1 |
|
|a New York (State).
|b Department of Transportation.
|b Planning Division.
|
| 830 |
|
0 |
|a Preliminary research report ;
|v no. 182.
|
| 999 |
|
|
|a MARS
|
| 999 |
f |
f |
|s 81c2ad58-885b-333a-adfe-450f99999109
|i f6072ef5-99dc-3859-8195-6d0cf270bc7e
|t 0
|
| 952 |
f |
f |
|p ric
|a Texas A&M University
|b Rellis Campus
|c Joint Library Facility
|d Remote Storage
|t 0
|e HE1 .P7 no. 182
|h Library of Congress classification
|i unmediated -- volume
|m A14810726037
|
| 998 |
f |
f |
|a HE1 .P7 no. 182
|t 0
|l Remote Storage
|